Sports Quiz

Random Sports or Football Quiz

Super Bowl Quarterback Colleges Quiz Stats

 Plays Quiz Updated Feb 7, 2021

     
Support Sporcle.
Go Orange.
Score 0/33 Timer 07:00
9 Plays Today
Quarterback College % Correct
Tom BradyMichigan
96.4%
Peyton ManningTennessee
93%
Eli ManningMississippi
91%
Russell WilsonNorth Carolina State and Wisconsin
89.6%
Patrick MahomesTexas Tech
89.1%
Aaron RodgersCalifornia
87.8%
Troy AikmanOklahoma and UCLA
86.1%
Joe NamathAlabama
85.9%
Bart StarrAlabama
85.6%
Ken StablerAlabama
85.5%
Drew BreesPurdue
82.9%
Bob GriesePurdue
82.6%
Len DawsonPurdue
82.3%
John ElwayStanford
79.9%
Jim PlunkettStanford
79.4%
Joe FlaccoDelaware
78.4%
Joe MontanaNotre Dame
78.3%
Quarterback College % Correct
Joe TheismannNotre Dame
78%
Ben RoethlisbergerMiami University (OH)
77.6%
Steve YoungBrigham Young
72.8%
Jim McMahonBrigham Young
72.4%
Nick FolesArizona
67.8%
Roger StaubachNavy
67%
Brad JohnsonFlorida State
60.1%
Brett FavreSouthern Miss
59.5%
Jeff HostetlerPenn State and West Virginia
52.5%
Terry BradshawLouisiana Tech
41.6%
Mark RypienWashington State
40.4%
Doug WilliamsGrambling State
37.8%
Kurt WarnerNorthern Iowa
37.2%
Johnny UnitasLouisville
30%
Trent DilferFresno State
24.2%
Phil SimmsMorehead State
19.4%

From the Vault

First Amendment Freedoms

by gwukelic

History 60s
What would Americans do without these five freedoms? The world may never know.
Remove Ads.
Support Sporcle.
Get the best of Sporcle when you Go Orange. This ad-free experience offers more features, more stats, and more fun while also helping to support Sporcle. Thank you for becoming a member.

Show Comments

Extras

Top Quizzes Today


Score Distribution

Your Account Isn't Verified!

In order to create a playlist on Sporcle, you need to verify the email address you used during registration. Go to your Sporcle Settings to finish the process.

Report this User

Report this user for behavior that violates our Community Guidelines.

Details: